000
00301 a2200133 4500
005
20250626171021.0
020
_a
9780536537119
082
_a
658.15 CFA
111
_a
CFA
245
_a
Corporate Finance
260
_a
New York,
_b
Pearson,
_c
2009.
300
_a
xi, 284p.; figure
_c
25cm
942
_2
ddc
_c
BKS
999
_c
5463
_d
5463